| 000 | 00424nam a2200169Ia 4500 | ||
|---|---|---|---|
| 008 | 230524s9999 xx 000 0 und d | ||
| 020 | _a9789384588465 | ||
| 082 |
_a338.5024658 _bGUP |
||
| 100 |
_aDeepakshi Gupta _942979 |
||
| 245 | 0 | _aManagerial Economics | |
| 250 | _a1 | ||
| 260 |
_aNew Delhi _bI.K.International _c2015 |
||
| 300 | _a"XV,615p;" | ||
| 500 | _aQuantity Number: 1 | ||
| 650 | _aEconomics | ||
| 942 | _cBK | ||
| 999 |
_c57930 _d57930 |
||